| 000 | 00384nam a2200133Ia 4500 | ||
|---|---|---|---|
| 008 | 211109s9999||||xx |||||||||||||| ||und|| | ||
| 082 |
_a894.8121 _bNAR-V |
||
| 100 | _aNarayanan Nair, Pala | ||
| 245 | 0 | _aVilakku Koluthu | |
| 260 |
_bNATIONAL BOOKSTALL _aKottayam _c1976 |
||
| 630 | _xGENERAL STACK | ||
| 650 |
_aMalayalam Literature _vMalayalam Poetry _xPoetryLiterature |
||
| 942 | _cBOOK | ||
| 999 |
_c66224 _d66224 |
||